Missing Word: Father Phrases Quiz Stats

 Plays Quiz Updated Jun 17, 2012

Also try: Movie Dads
Challenge
Share
Tweet
Embed
Score 0/30 Timer 03:00
0 Plays Today
Father Phrase Missing Word % Correct
Father Knows ________ Best
91.2%
Father of the ________ Bride
88%
Pop Goes the ________ Weasel
87.1%
Papa was a Rollin' ________ Stone
86.5%
In the ________ of the FatherName
82.3%
Daddy Day ________ Care
82.2%
Papa Don't ________Preach
81.4%
Make ________ for DaddyRoom
80.9%
My ________ DadsTwo
79.4%
Papa, Can You ________ Me?Hear
73.1%
Fathers and ________ Sons
70.3%
________ DaddyBig
69.7%
Fathers' ________ Day
68.7%
Daddy ________ Warbucks
64.2%
________ Dad!American
57.2%
Father Phrase Missing Word % Correct
Papa's Got a Brand New ________ Bag
56.8%
________ on PopHop
55.6%
The ________ of Eddie's FatherCourtship
42.3%
Getting ________ with DadEven
39.6%
________ of Our FathersFlags
35.3%
Papa ________ Smurf
32.9%
________ DadMajor
30.7%
My Dad's Gone ________ Crazy
26.5%
Father ________ Figure
25.7%
Father's ________ DividendLittle
23%
Big Bad ________ DaddyVoodoo
18.9%
________ from My FatherDreams
12.6%
Father ________ Ted
11.8%
________ Daddy ________ Gone
10.1%
Pop Goes the ________ World
8.3%

Today's Daily Dose

Missing Word
'F' Pairs

Word Ladder
Mixed Synonyms

On This Day
August 15th II

You're not logged in!

Compare scores with friends on all Sporcle quizzes.
Join for Free
OR
Log In

You Might Also Like...

Show Comments

Extras

Top Quizzes Today


Score Distribution

Your Account Isn't Verified!

In order to create a playlist on Sporcle, you need to verify the email address you used during registration. Go to your Sporcle Settings to finish the process.

Report this User

Report this user for behavior that violates our Community Guidelines.

Details: